| 000 | 01597cam a22002894a 4500 | ||
|---|---|---|---|
| 001 | 13523474 | ||
| 003 | OSt | ||
| 005 | 20250320102356.0 | ||
| 008 | 040315s2004 ilu b 000 0 eng | ||
| 010 | _a 2004006194 | ||
| 020 | _a9789966805256 | ||
| 040 |
_aDLC _cKenya Military Academy _dDLC |
||
| 042 | _apcc | ||
| 050 | 0 | 0 |
_aBV4596.S5 _bT48 2004 |
| 082 | 0 | 0 |
_a248.8/4 _222 |
| 100 | 1 |
_aThrasher, Bill, _d1952- |
|
| 245 | 1 | 0 |
_aBelieving God for his best : _bhow to marry contentment and singleness / _cBill Thrasher. |
| 260 |
_aNairobi : _bWordAlive _cc2004. |
||
| 300 |
_a153 p. ; _c20 cm. |
||
| 505 | 0 | _aSeeing singleness from God's point of view -- Waiting on God for a mate -- Finding God's provision on the other side of a temptation -- Repenting of idolatry after experiencing love at first sight -- Rebirth of the vision : purify my heart amidst closed doors -- Experiencing God's providence and delayed answers to prayers -- Learning from the other side of the story -- Developing a conviction before God -- Discovering the secret of contentment -- Making an important commitment -- Pondering a new direction -- Handling your passions -- Discerning God's will -- The secret of waiting. | |
| 600 | 1 | 0 | _aThrasher, Bill, |
| 650 | 0 |
_aSingle people _xReligious life. |
|
| 856 | 4 | 2 |
_3Publisher description _uhttp://www.loc.gov/catdir/enhancements/fy0616/2004006194-d.html |
| 906 |
_a7 _bcbc _corignew _d1 _eecip _f20 _gy-gencatlg |
||
| 942 |
_2lcc _cBK _n0 |
||
| 999 |
_c20962 _d20962 |
||